| 000 | 01704cam a2200385 a 4500 | ||
|---|---|---|---|
| 001 | rexritasaurussbi00cars | ||
| 003 | CaSfIA | ||
| 005 | 20210118215227.0 | ||
| 007 | cr|||| | ||
| 008 | 900910s1990 nyua j 000 1 eng | ||
| 010 | _a 90193065 | ||
| 040 |
_aDLC _cDLC _dOCL _dBTCTA _dBAKER _dYDXCP _dCaSfIA |
||
| 020 |
_a0590432923 : _c$2.50 ($3.50 CAN) |
||
| 020 | _a9780590432924 | ||
| 035 | _a(OCoLC)22420453 | ||
| 042 | _alcac | ||
| 050 | 0 | 0 |
_aPZ7.C2386 _bRe 1990 |
| 082 | 0 | 0 |
_a[E] _220 |
| 100 | 1 | _aCarson, Jane. | |
| 245 | 1 | 0 |
_aRex & Rita Saurus's big adventure / _h[electronic resource] _cby Jane Carson ; illustrated by Cliff Galbraith and Kathy Ossner Sulewski. |
| 260 |
_aNew York : _bScholastic, _cc1990. |
||
| 300 |
_a[32] p. : _bcol. ill. ; _c21 cm. |
||
| 520 | _aLooking for some adventure, Rex and Rita, two magical dinosaurs who love to read, go to the library. | ||
| 650 | 1 |
_aDinosaurs _vFiction. |
|
| 650 | 1 |
_aBooks and reading _vFiction. |
|
| 700 | 1 |
_aGalbraith, Cliff, _eill. |
|
| 700 | 1 |
_aSulewski, Kathy Ossner, _eill. |
|
| 740 | 0 | _aRex and Rita Sauras's big adventure. | |
| 856 | 4 | 1 |
_uhttp://www.archive.org/details/rexritasaurussbi00cars _zFree eBook from the Internet Archive |
| 856 | 4 | 2 |
_uhttp://www.openlibrary.org/books/OL1961707M _zAdditional information and access via Open Library |
| 029 | 1 |
_aAU@ _b000007557129 |
|
| 942 | _cEB | ||
| 506 | _fНеобхідна авторизація на https://archive.org/ (створення облікового запису безкоштовно) | ||
| 506 | _fНеобхідна авторизація на https://openlibrary.org/ (створення облікового запису безкоштовно) | ||
| 999 |
_c543607 _d543607 |
||